Our common future / (Record no. 1649)

MARC details
000 -LEADER
fixed length control field 01053cam a2200301 a 4500
001 - CONTROL NUMBER
control field 4312466
003 - CONTROL NUMBER IDENTIFIER
control field OSt
005 - DATE AND TIME OF LATEST TRANSACTION
control field 20150429143349.0
008 - FIXED-LENGTH DATA ELEMENTS--GENERAL INFORMATION
fixed length control field 870320s1987 enk b 000 0 eng
010 ## - LIBRARY OF CONGRESS CONTROL NUMBER
LC control number 87007853
020 ## - INTERNATIONAL STANDARD BOOK NUMBER
International Standard Book Number 019282080X (pbk.) :
Terms of availability $9.95
040 ## - CATALOGING SOURCE
Original cataloging agency DLC
Transcribing agency DLC
Modifying agency DLC
050 00 - LIBRARY OF CONGRESS CALL NUMBER
Classification number HD75.6
Item number .O97 1987
082 00 - DEWEY DECIMAL CLASSIFICATION NUMBER
Classification number 363.7
Edition number 19
Item number OUR 19877
245 00 - TITLE STATEMENT
Title Our common future /
Statement of responsibility, etc. World Commission on Environment and Development.
260 ## - PUBLICATION, DISTRIBUTION, ETC. (IMPRINT)
Place of publication, distribution, etc. Oxford ;
-- New York :
Name of publisher, distributor, etc. Oxford University Press,
Date of publication, distribution, etc. 1987.
300 ## - PHYSICAL DESCRIPTION
Extent xv, 383 p. ;
Dimensions 21 cm.
490 0# - SERIES STATEMENT
Series statement Oxford paperbacks
504 ## - BIBLIOGRAPHY, ETC. NOTE
Bibliography, etc Includes bibliographies.
650 #0 - SUBJECT ADDED ENTRY--TOPICAL TERM
Topical term or geographic name as entry element Sustainable development.
9 (RLIN) 1103
650 #0 - SUBJECT ADDED ENTRY--TOPICAL TERM
Topical term or geographic name as entry element Nature
General subdivision Effect of human beings on.
9 (RLIN) 4353
650 #0 - SUBJECT ADDED ENTRY--TOPICAL TERM
Topical term or geographic name as entry element Environmental policy.
9 (RLIN) 1624
650 #0 - SUBJECT ADDED ENTRY--TOPICAL TERM
Topical term or geographic name as entry element Human ecology.
9 (RLIN) 4354
710 2# - ADDED ENTRY--CORPORATE NAME
Corporate name or jurisdiction name as entry element World Commission on Environment and Development.
9 (RLIN) 4355
856 42 - ELECTRONIC LOCATION AND ACCESS
Materials specified Publisher description
Uniform Resource Identifier http://www.loc.gov/catdir/enhancements/fy0603/87007853-d.html
906 ## - LOCAL DATA ELEMENT F, LDF (RLIN)
a 7
b cbc
c orignew
d 1
e ocip
f 19
g y-gencatlg
942 ## - ADDED ENTRY ELEMENTS (KOHA)
Source of classification or shelving scheme Dewey Decimal Classification
Koha item type Short Loan
Holdings
Withdrawn status Lost status Source of classification or shelving scheme Damaged status Not for loan Home library Current library Date acquired Inventory number Total Checkouts Full call number Barcode Date last seen Price effective from Koha item type Source of acquisition
    Dewey Decimal Classification     MUST Main Library MUST Main Library 29/04/2015 2003/19231   363.7 OUR 19877 2015-1249 29/04/2015 29/04/2015 Short Loan  
    Dewey Decimal Classification     MUST Main Library MUST Main Library 03/07/2024 03/19230   363.7 OUR 19877 2024-21720 03/07/2024 03/07/2024 Short Loan Purchase